[Event "Sheikh Russel GM 2021"]
[Site "Dhaka"]
[Date "2021.10.24"]
[Round "6.1"]
[White "Narayanan, Srinath"]
[Black "Mosadeghpour, Masoud"]
[Result "1-0"]
[WhiteElo "2540"]
[BlackElo "2486"]
[Annotator "TA"]
[PlyCount "93"]
[EventDate "2021.10.19"]
[EventType "swiss"]
[EventCountry "BAN"]
[SourceTitle "playchess.com"]
[Source "ChessBase"]
[SourceQuality "1"]

{[%evp 13,93,2,6,-5,25,26,29,33,65,62,64,65,62,64,71,68,46,47,97,115,205,202,201,193,237,210,239,239,259,274,294,294,294,294,294,294,294,277,311,311,431,294,294,294,311,294,318,317,393,393,514,537,695,695,695,695,695,695,672,611,656,612,863,859,854,854,1188,1160,1070,1057,1917,541,1960,1693,4132,1982,1964,1258,6087,5945,2046,2533]} 1. Nf3 Nf6 2. c4 e6 3. g3 d5 4. d4 Bb4+ 5. Bd2 Be7 6. Bg2 O-O 7. O-O Nbd7 8. Bc3 {E11: Bogo-Indian.} dxc4 {[#]} 9. Nbd2 $146 ({Predecessor:} 9. a4 Nb6 10. Nbd2 Nfd5 11. Qc2 a5 12. Ne5 Nxc3 13. bxc3 c5 14. e3 Qc7 15. Rfc1 Rb8 {1-0 (26) Vallejo Pons,F (2711)-Lalith,B (2587) Doha 2016}) 9... b5 10. Ne5 {White has an edge.} Nd5 {[#] Strongly threatening ...Nxe5.} 11. Nc6 Qe8 12. a4 bxa4 13. Qxa4 N7b6 14. Nxe7+ Qxe7 15. Qa2 a5 {White leaves nothing to chance now.} 16. Bxa5 c3 (16... Ba6 $16) 17. bxc3 $18 Nxc3 18. Qb2 Nxe2+ 19. Kh1 Rxa5 20. Rxa5 Qd8 21. Nb3 Nc4 22. Qxe2 Nxa5 23. Nxa5 Qxd4 24. Rc1 Qb6 25. Qe1 Ba6 26. Nc6 Bb5 27. Kg1 {Rb1 is the strong threat.} Bxc6 28. Rxc6 Qb8 29. Qc3 Rc8 30. Be4 g6 31. h4 Qa7 32. h5 {[#] White threatens h6 and mate.White is clearly winning.} Rd8 33. h6 {[%csl Gh6][%cal Rc3g7]} Qd4 34. Qxd4 Rxd4 35. Rxc7 {[%mdl 4096] Endgame White wants to mate with Rc8+. KRB-KR} Kf8 36. Bf3 Rd6 37. g4 Rb6 38. Kg2 Rb5 39. Kg3 Rb4 40. g5 Rb5 41. Kf4 Rb2 42. Rc8+ Ke7 43. Rh8 e5+ 44. Kg3 (44. Kxe5 $142 Rxf2 45. Kf4) 44... Rb3 45. Kg2 Rb5 46. Be4 Rb4 47. f3 {Weighted Error Value: White=0.07/Black=0.38} 1-0

[Event "Sheikh Russel GM 2021"]
[Site "Dhaka"]
[Date "2021.10.24"]
[Round "6.2"]
[White "Mousavi, Seyed Khalil"]
[Black "Asadli, Vugar"]
[Result "1/2-1/2"]
[WhiteElo "2510"]
[BlackElo "2585"]
[Annotator "TA"]
[PlyCount "61"]
[EventDate "2021.10.19"]
[EventType "swiss"]
[EventCountry "BAN"]
[SourceTitle "playchess.com"]
[Source "ChessBase"]
[SourceQuality "1"]

{[%evp 13,61,0,3,-3,0,0,4,0,0,-11,-10,-12,-12,-12,-14,-12,-12,-12,-13,-14,-1,0,0,0,-2,-6,-4,-4,-4,-13,0,0,0,0,0,0,0,0,0,0,0,0,0,0,0,0,0,0,0,0]} 1. c4 e5 2. Nc3 Nf6 3. Nf3 Nc6 4. e4 Bc5 5. Nxe5 Nxe5 6. d4 Bb4 7. dxe5 Nxe4 $1 {The position is equal.} 8. Qf3 $1 {[%mdl 4] is recently more successful than 8.Qd4. A28: English Opening: Four Knights Variation.} Nxc3 9. bxc3 Ba5 10. Ba3 d6 $1 11. exd6 O-O {[#] ...Bg4! is the strong threat.} 12. Be2 $146 {[#] Strongly threatening dxc7.} ({Predecessor:} 12. Rd1 Bd7 13. Be2 Bc6 14. Qd3 Qf6 15. Bb4 Rad8 16. O-O Bxb4 17. cxb4 Rxd6 18. Qc2 {½-½ (18) Loeschnauer,E (2380)-Baumgartner,U (2381) GER email 2016}) 12... Bg4 $1 13. dxc7 Qxc7 14. Qxg4 Bxc3+ {[%mdl 64] Double Attack} 15. Kf1 $1 {And now Rc1 would win.} Bxa1 16. Bxf8 Rxf8 17. g3 Bf6 18. Kg2 Rd8 19. Rd1 Rxd1 20. Bxd1 g6 21. Qe4 Qc6 22. Qxc6 bxc6 $11 {[%mdl 4096] Endgame KB-KB} 23. c5 Be7 24. Ba4 Bxc5 25. Bxc6 f5 26. f4 Kg7 27. Kf3 h5 28. h4 Kf6 29. a4 a5 30. Bd5 Bd4 31. Ke2 {A rather calm draw.  Weighted Error Value: White=0.02/Black=0.01} 1/2-1/2

[Event "Sheikh Russel GM 2021"]
[Site "Dhaka"]
[Date "2021.10.24"]
[Round "6.3"]
[White "Sumets, Andrey"]
[Black "Bernadskiy, Vitaliy"]
[Result "1/2-1/2"]
[WhiteElo "2497"]
[BlackElo "2580"]
[Annotator "TA"]
[PlyCount "28"]
[EventDate "2021.10.19"]
[EventType "swiss"]
[EventCountry "BAN"]
[SourceTitle "playchess.com"]
[Source "ChessBase"]
[SourceQuality "1"]

{[%evp 13,19,-2,0,0,-8,-8,-1,0]} 1. d4 Nf6 2. c4 e6 3. Nf3 c5 4. e3 a6 5. Nc3 d5 6. a3 dxc4 7. Bxc4 b5 {The position is equal.} 8. Be2 {D40: Queen's Gambit Declined: Semi-Tarrasch with 5 e3.} Bb7 9. O-O Nc6 10. dxc5 {[#] A rather calm draw. Not enough moves} {Predecessor:} Bxc5 $146 11. Qxd8+ Rxd8 12. b4 Be7 13. Bb2 O-O 14. Rfd1 Rxd1+ {½-½ (14) Lintchevski,D (2534)-Van Foreest,J (2612) Pardubice 2019} 1/2-1/2

[Event "Sheikh Russel GM 2021"]
[Site "Dhaka"]
[Date "2021.10.24"]
[Round "6.4"]
[White "Haznedaroglu, Kivanc"]
[Black "Tiviakov, Sergei"]
[Result "1-0"]
[WhiteElo "2438"]
[BlackElo "2600"]
[Annotator "TA"]
[PlyCount "81"]
[EventDate "2021.10.19"]
[EventType "swiss"]
[EventCountry "BAN"]
[SourceTitle "playchess.com"]
[Source "ChessBase"]
[SourceQuality "1"]

{[%evp 17,81,0,1,0,36,0,15,13,12,7,25,0,3,0,0,6,48,38,85,23,23,18,19,14,22,10,97,94,97,106,138,132,103,97,187,138,138,125,138,138,214,186,189,180,336,320,547,540,837,800,958,881,860,806,1762,1562,1535,1379,1571,1432,1726,2502,29975,29976,5575,5073]} 1. d4 Nf6 2. c4 b6 3. Nc3 Bb7 4. Bf4 e6 5. a3 g6 6. e3 Bg7 7. h3 d6 8. Nf3 Nbd7 9. Be2 O-O 10. O-O {E12: Queen's Indian: Unusual White 4th moves, 4 a3, 4 Nc3 Bb7 5 a3 and 4 Nc3 Bb7 .} Qe7 11. b4 Ne4 12. Nxe4 {The position is equal.} Bxe4 13. Rc1 e5 14. Bh2 Rad8 15. Qa4 {[#]} exd4 $146 ({Predecessor:} 15... c5 16. Nd2 Nf6 17. bxc5 bxc5 18. dxc5 dxc5 19. Rfd1 Bf5 20. Qa5 Ne4 21. Nf3 Rb8 22. Rd5 Rb2 23. Bd3 Nf6 24. Nxe5 Be4 25. Qxc5 Qe6 26. Bxe4 Nxe4 27. Qd4 {1-0 (27) Lputian,S (2585)-Romanishin,O (2580) Ljubljana 1995}) 16. exd4 c5 17. Rfe1 cxd4 {[#]} 18. Bd3 $1 f5 $11 19. Qxa7 Rfe8 20. Rcd1 {And now Bxe4 would win.} Ra8 21. Qc7 Rac8 (21... Ne5 $1 $11 22. Qxe7 Rxe7 23. Bxe4 fxe4 24. Nxd4 Nd3) 22. Qxd6 $16 Qxd6 23. Bxd6 Bxf3 24. Rxe8+ ({Reject} 24. gxf3 $6 Ne5 $11) 24... Rxe8 25. gxf3 Be5 (25... Bf8 $16 {is a better defense.}) 26. Bxe5 Nxe5 27. f4 Nxd3 28. Rxd3 {[%mdl 4096] Endgame KR-KR} Rd8 {[#]} (28... Re1+ $16 29. Kg2 Ra1) 29. Kf1 $1 $18 Kf7 30. Ke2 Kf6 $2 (30... Re8+ 31. Kd2 Re4) 31. a4 g5 $2 (31... Ke7 32. Ra3 d3+ 33. Rxd3 Rc8) 32. fxg5+ Kxg5 33. a5 bxa5 34. bxa5 Kf4 35. a6 {[%cal Ba5a6,Ba6a7][%mdl 32]} Ke4 36. a7 Ra8 37. f3+ Ke5 38. Ra3 h5 39. Kd3 h4 40. f4+ {[%mdl 64] Deflection} Kxf4 41. Kxd4 {Weighted Error Value: White=0.12/Black=0.79} 1-0

[Event "Sheikh Russel GM 2021"]
[Site "Dhaka"]
[Date "2021.10.24"]
[Round "6.5"]
[White "Iskandarov, Misratdin"]
[Black "Aditya Mittal"]
[Result "1/2-1/2"]
[WhiteElo "2552"]
[BlackElo "2447"]
[Annotator "TA"]
[PlyCount "90"]
[EventDate "2021.10.19"]
[EventType "swiss"]
[EventCountry "BAN"]
[SourceTitle "playchess.com"]
[Source "ChessBase"]
[SourceQuality "1"]

{[%evp 15,90,9,41,8,14,24,22,0,0,0,0,-47,-61,-54,-26,-27,-20,-20,-19,-22,-13,-15,-17,-30,-25,-23,-20,-23,-20,-18,-16,-16,-18,-19,-19,-25,-17,-36,-20,-20,-16,-18,-10,-5,-4,-8,0,0,0,-29,-29,-29,-30,-38,-38,-49,-6,-8,-6,-6,-5,-6,-6,-6,0,0,0,0,0,0,0,0,0,0,0,0,0]} 1. e4 c5 2. Nf3 d6 3. d4 cxd4 4. Nxd4 Nf6 5. Nc3 a6 6. Be3 e5 7. Nf3 Be7 8. Bc4 Be6 9. Bb3 {B90: Sicilian Najdorf: Unusual White 6th moves, 6 Be3 Ng4 and 6 Be3 e5.} Nbd7 $1 {[%mdl 4] now scores much better than the old 9...0-0.} 10. O-O Rc8 11. Bxe6 fxe6 12. Ng5 Nf8 {[#]} 13. f4 $146 ({Predecessor:} 13. Qf3 h6 14. Qh3 Qd7 15. Rfd1 Ng6 16. Nf3 O-O 17. a4 Rc6 18. Nd2 Bd8 19. Nb3 {0-1 (37) Eswaran,A (2244)-Vantika,A (2286) Chess.com INT 2021}) 13... exf4 $1 14. Rxf4 h6 15. Nh3 N8d7 {[%cal Bf8d7,Bd7e5,Be5c6][%mdl 32]} 16. Rf1 Ne5 17. Nf4 Qd7 18. Bd4 O-O 19. Kh1 Nc6 20. Ng6 Rf7 21. Nxe7+ Qxe7 22. Bxf6 Rxf6 23. Rxf6 Qxf6 24. Qxd6 Rd8 25. Qc7 Rd2 {aiming for ...Ne5.} 26. e5 Qf7 (26... Qg6 {keeps more tension.} 27. Rg1 Nd8 28. Na4 Qxc2 29. Nc5 Kh7) 27. Qxf7+ Kxf7 $11 {[%mdl 4096] Endgame KRN-KRN} 28. Rc1 Nxe5 29. Ne4 Rd4 30. Re1 Ng4 {[#] ...Rxe4! is the strong threat.} 31. Kg1 Nf6 32. Nxf6 gxf6 {KR-KR} 33. Kf2 e5 34. Re3 Rd2+ 35. Re2 Rxe2+ 36. Kxe2 $15 {KP-KP. The position is equal.} f5 37. Kd3 Ke6 38. c4 a5 39. b3 {[%cal Bb2b3,Bb3b4][%mdl 32]} Kd6 40. a3 Kc5 41. Kc3 b6 42. b4+ Kc6 43. Kd3 h5 44. g3 Kd6 45. Ke3 Kc6 {Weighted Error Value: White=0.05/Black=0.05} 1/2-1/2

[Event "Sheikh Russel GM 2021"]
[Site "Dhaka"]
[Date "2021.10.24"]
[Round "6.6"]
[White "Koustav Chatterjee"]
[Black "Krasenkow, Michal"]
[Result "1/2-1/2"]
[WhiteElo "2431"]
[BlackElo "2578"]
[Annotator "TA"]
[PlyCount "109"]
[EventDate "2021.10.19"]
[EventType "swiss"]
[EventCountry "BAN"]
[SourceTitle "playchess.com"]
[Source "ChessBase"]
[SourceQuality "1"]

{[%evp 18,109,56,53,68,42,63,27,29,0,22,24,63,50,50,43,40,46,53,21,63,25,66,0,0,0,0,0,32,0,0,0,0,0,0,0,0,0,0,0,0,2,13,0,0,0,0,0,0,0,0,0,0,0,0,0,0,0,0,0,0,0,0,0,0,0,0,0,0,0,0,0,0,0,8,8,8,0,0,0,0,0,0,0,0,0,0,0,29971,29972,29978,29979,29979,29980]} 1. e4 c5 2. Nf3 Nc6 3. Bb5 g6 4. O-O Bg7 5. c3 e5 6. d4 cxd4 7. cxd4 exd4 8. Bf4 Nge7 9. Bd6 O-O 10. Nbd2 {[%mdl 1024] White has compensation.} b6 {B31: Sicilian: 2...Nc6 3 Bb5 g6.} 11. Nb3 Bb7 12. Re1 ({Of course not} 12. Nfxd4 $6 Re8 $15) 12... Re8 {[#] White has an edge.} 13. Qd2 $146 ({Much weaker is} 13. Nfxd4 Nc8 $15) ({Predecessor:} 13. Rc1 a6 14. Bc4 Nc8 15. Bf4 d6 16. Bg5 Qd7 17. Bd3 b5 18. Bb1 Nb6 19. Nbxd4 Nxd4 20. Nxd4 {½-½ (36) Petrosyan,M (2625)-Harutyunian,T (2552) Jermuk 2021}) 13... Nc8 14. Bf4 Ne5 15. Nxe5 ({Reject} 15. Nfxd4 Nd6 $11) 15... Bxe5 16. Bxe5 Rxe5 {[%mdl 64] Double Attack} 17. Bd3 Nd6 {[%cal Rb7e4]} 18. f3 Rc8 19. Qb4 Qe7 20. Rac1 (20. Qxd4 $14 Nf5 21. Qf2) 20... Rxc1 $11 21. Rxc1 f5 22. exf5 gxf5 23. Qxd4 Rd5 $1 {[%cal Rd5d4]} 24. Bc4 Nxc4 25. Qxc4 Qe3+ 26. Kf1 Bc6 {And now ...Bb5! would win.} 27. Re1 Bb5 28. Rxe3 Bxc4+ {[%mdl 4096] Endgame KRB-KRN} 29. Ke1 a5 30. f4 Rb5 31. Kd2 Rb4 32. g3 d5 33. Kc2 Bxb3+ 34. axb3 {KR-KR} Re4 35. Rc3 Re2+ 36. Kd3 Rxh2 37. Kd4 Rxb2 38. Kxd5 Re2 39. Rc8+ Kf7 40. Rb8 Kg6 41. Rg8+ Kh6 42. Rg5 Re4 43. Rxf5 Rb4 44. Ke6 Rxb3 45. g4 Kg7 (45... Rc3 {with more complications.} 46. Rf6+ Kg7 47. Rf7+ Kg8 48. Ra7 Rc6+) 46. Rf7+ Kg8 $1 47. Ra7 {Black must now prevent Kf6.} Re3+ 48. Kf6 {Intending Ra8+ and mate.} Re8 49. f5 Rf8+ 50. Ke6 Re8+ 51. Kf6 Rb8 52. g5 {aiming for g6.} b5 $2 {[%mdl 8192]} (52... Rf8+ $11 53. Ke6 Rb8) 53. g6 $1 {White mates.} Rb6+ {[#]} 54. Kg5 $1 hxg6 {[#]} 55. f6 $1 {[%mdl 32768] Weighted Error Value: White=0.06/Black=0.22. An unexpected result.} 1/2-1/2

[Event "Sheikh Russel GM 2021"]
[Site "Dhaka"]
[Date "2021.10.24"]
[Round "6.7"]
[White "Harikrishnan.A.Ra"]
[Black "Solodovnichenko, Yuri"]
[Result "1/2-1/2"]
[WhiteElo "2429"]
[BlackElo "2577"]
[Annotator "TA"]
[PlyCount "41"]
[EventDate "2021.10.19"]
[EventType "swiss"]
[EventCountry "BAN"]
[SourceTitle "playchess.com"]
[Source "ChessBase"]
[SourceQuality "1"]

{[%evp 14,41,28,10,15,30,44,0,0,0,2,2,6,11,3,6,39,33,37,39,47,45,71,59,65,57,66,45,42,42]} 1. d4 Nf6 2. c4 e6 3. Nf3 Bb4+ 4. Bd2 Qe7 5. e3 b6 6. Bd3 Bb7 7. O-O O-O 8. Nc3 c5 {E11: Bogo-Indian.} 9. a3 Ba5 10. dxc5 bxc5 {[#] The position is equal.} 11. Nd5 $146 ({Predecessor:} 11. Re1 d6 12. e4 h6 13. b3 Bb6 14. Na4 Nc6 15. b4 Bc7 16. b5 Nb8 17. e5 {½-½ (35) Jugl,P (2229)-Sarak,M (2243) GER email 2008}) 11... exd5 12. Bxa5 dxc4 13. Bxc4 d5 14. Bd3 Nbd7 15. b4 Ne4 16. bxc5 Ndxc5 17. Be2 Qf6 18. Nd4 Ba6 {White is slightly better.} 19. Rc1 {[#] Threatens to win with f3.} Bxe2 20. Nxe2 {Black must now prevent f3.} Qa6 $1 {[%cal Ra6a5]} 21. Bb4 {Weighted Error Value: White=0.05/Black=0.06} 1/2-1/2

[Event "Sheikh Russel GM 2021"]
[Site "Dhaka"]
[Date "2021.10.24"]
[Round "6.8"]
[White "Mohammad Fahad, Rahman"]
[Black "Stany, G.A."]
[Result "0-1"]
[WhiteElo "2330"]
[BlackElo "2522"]
[Annotator "TA"]
[PlyCount "130"]
[EventDate "2021.10.19"]
[EventType "swiss"]
[EventCountry "BAN"]
[SourceTitle "playchess.com"]
[Source "ChessBase"]
[SourceQuality "1"]

{[%evp 20,130,0,0,0,0,21,18,36,22,34,39,34,22,31,25,70,45,105,93,112,111,128,131,124,110,158,66,85,0,56,43,72,79,58,0,0,0,0,0,0,0,0,-83,-82,-97,-97,-90,-90,-139,-127,-195,-195,-228,-216,-234,-166,-389,-395,-383,-343,-576,-486,-484,-470,-461,-461,-470,-469,-602,-532,-846,-852,-790,-743,-706,-552,-1065,-1065,-2675,-2142,-1960,-1903,-6712,-6656,-5322,-4134,-29986,-1190,-1189,-1657,-1662,-1368,-1058,-940,-1293,-1261,-1143,-958,-1139,-1047,-1720,-1544,-2480,-1984,-1751,-1040,-29981,-29982,-29987,-29988,-29988,-29989]} 1. d4 Nf6 2. c4 g6 3. Nc3 d5 4. Nf3 Bg7 5. Qb3 dxc4 6. Qxc4 O-O 7. e4 Nc6 8. Be2 Bg4 9. d5 Na5 10. Qa4 Bxf3 11. Bxf3 c6 {D98: Grünfeld: Russian System: 7 e4 Bg4 .} 12. O-O cxd5 13. Rd1 {[%cal Rc3d5] [#]} Nc4 $146 {The position is equal.} ({Predecessor:} 13... Nc6 14. exd5 Ne5 15. Be2 Ne8 16. Ne4 Nd6 17. Nxd6 Qxd6 18. Qb3 Rfc8 19. Be3 b5 20. Qxb5 {1-0 (38) Kozul,Z (2630)-Vujakovic,B (2347) Zagreb 2015}) 14. Nxd5 Nxd5 15. Qxc4 {[%mdl 64] Pin} Nb6 16. Qb4 $36 {[%mdl 2048] White is pushing.} Qc7 17. Be3 Qe5 18. Rab1 Rfc8 ({Better is} 18... Rfd8 $14) 19. b3 $1 $16 e6 20. a4 {Hoping for a5.} Rc7 21. a5 Nd7 22. Rbc1 {Black must now prevent Rxc7.} Rxc1 23. Rxc1 (23. Bxc1 $16 Qc7 24. Qe7) 23... b6 $14 24. Qe7 (24. Rd1 $1 $16 {[%cal Rd1d7]} Rd8 25. axb6 axb6 26. Bd4 (26. Bxb6 Qb8 $16)) 24... Qb5 (24... Nc5 $11 25. Bxc5 bxc5) 25. Rd1 $1 {[%cal Rd1d7]} Nc5 {[#]} 26. e5 $1 Rc8 27. axb6 (27. b4 $14 Qxb4 28. a6) 27... axb6 $11 28. Rd8+ Rxd8 29. Qxd8+ Bf8 30. Bh6 {[%csl Gh6][%cal Rd8f8]} Nd7 31. g4 (31. g3 $11) 31... Qxb3 $17 {Black continues to play with concentration.} 32. Kg2 {[#] With the idea g5.} Qb4 $1 33. h3 (33. Be2 Nxe5) 33... Nxe5 34. Bb7 Qd6 35. Qc8 (35. Qxd6 $17 {was worth a try.} Bxd6 36. Ba6) 35... b5 $19 36. Bf4 b4 37. Bf3 Qd7 38. Qb8 (38. Qxd7 Nxd7 39. Bd1) 38... Nxf3 39. Kxf3 Qd5+ 40. Kg3 $2 (40. Ke2) 40... f6 41. h4 Kf7 42. g5 e5 43. Bc1 f5 44. Kh2 Qc4 45. Be3 Qxh4+ 46. Kg1 Qg4+ 47. Kh2 Qe4 48. Qd8 Be7 49. Qh8 Qh4+ {[%mdl 64] Double Attack} 50. Kg1 f4 51. Bc1 Qxg5+ 52. Kf1 Qh5 53. Bb2 Bf6 (53... f3 $142 54. Ke1 Bg5 55. Kd1 b3 56. Qxe5 Qh1+ 57. Qe1 Qh3 58. Qe2 Qd7+ 59. Ke1 fxe2 60. Kxe2 Qd2+ {[%mdl 64] Double Attack} 61. Kf3 Qxb2 62. Kg3 Qe2 63. f3 b2 64. f4 {[#]} b1=Q $1 65. fxg5 Qbd3+ 66. Kh4 Qh5#) 54. Qb8 Qd1+ 55. Kg2 Qd5+ 56. Kg1 b3 {[%cal Bb4b3,Bb3b2][%mdl 32]} 57. Qc7+ Kg8 58. Ba3 Qf7 59. Qb8+ Kg7 60. Bd6 e4 61. Bxf4 b2 62. Bd6 g5 {And now ...e3! would win.} 63. Kg2 Qe6 {Black mates.} 64. Ba3 Qg4+ 65. Kf1 Qh3+ {Weighted Error Value: White=0.54/Black=0.20} 0-1